000
00299nam a22001337a 4500
008
170307b xxu||||| |||| 00| 0 eng d
020
_a
9780838514771
041
_a
eng
080
_2
23 ED
_a
611
100
_a
6
101
_a
SHM
245
_a
CORRELATIVE NEURO ATONOMY
_c
WAXMAM.S.G
942
_2
udc
_c
BK
999
_c
6996
_d
6996